000
00272nam a2200097Ia 4500
082
_a
657.0285536 VAND
245
0
_a
Pastel Accounting
100
_a
VAN DER MERWE, P. Sandton [South Africa], 1998
_9
73371
942
_c
BK
008
210817s9999 xx 000 0 und d
999
_c
240226
_d
240225